000 00431nam a22001697a 4500
003 NUST - PNEC
005 20170116181139.0
008 151007b xxu||||| |||| 00| 0 eng d
020 _a0131642944
040 _cLIBRARY
082 _a650.0285 LON
100 _910957
_aLong, Larry E.
245 _aComputers in business
_cLarry E. Long
260 _c1987
650 _910410
_aBusiness--Data processing
_xMIS
942 _2ddc
_cBK
999 _c70391
_d70391